01439cam a22002894a 450000100090000000300040000900500170001300800410003002000180007104000070008904200080009605000130010424501020011724600330021925000120025226000450026430000380030950400200034750505630036765000380093065000490096865000470101765000240106470000230108870000180111170000200112912459447OSt20220902130511.0010702s2002 enka bf 001 0 eng c a9780199699476 cLC apcc00aRD37.O9400aOxford handbook of clinical surgery /c[edited by] G.R. McLatchie, Neil Borley and Joanna Chikwe.3 aHandbook of clinical surgery a4th ed. aOxford:bOxford University Press,c2013. axxxviii, 794 p. :bill. ;c19 cm. aIncludes index. aContents: Good surgical practice -- Principles of surgery -- Surgical pathology -- Practical procedures -- Head and neck surgery -- Breast and endocrine surgery -- Upper gastrointestinal surgery -- Liver, pancreatic and biliary surgery -- Abdominal wall -- Urology -- Colorectal surgery -- Paediatric surgery -- Paediatric orthopaedic -- Major trauma -- Orthopaedic surgery -- Plastic surgery -- Cardiothoracic surgery -- Periphiral vascular disease -- Transplantation -- Surgery in tropical diseases -- Common operations -- Eponymous terms and rarities --  0aSurgeryvHandbooks, manuals, etc. 0aSurgery, OperativevHandbooks, manuals, etc.12aSurgical Procedures, OperativevHandbooks.22aSurgeryvHandbooks.1 aMcLatchie, Greg R.1 aBorley, Neil 1 aChikwe, Joanna